MDQL
is popping MORE tags! Check the
thread
!
Quizzes
Events
Quiz Creation
Community
Videos
Private Events
Remove Ads
Sign In
Join for FREE
Feedback
Dark Mode
Quiz Categories
Sports
Geography
Music
Movies
Television
Just For Fun
Miscellaneous
History
Literature
Language
Science
Gaming
Entertainment
Religion
Holiday
For Kids
Quiz Lab
Recent
Popular Today
Quiz Kudos Today
Editor Picks
Curator Picks
Quizzes by...
Day
Popularity
Type
Ratings
Length
Year
Community
Subscriptions
Recent Discussions
Orange Saloon
Badges
Playlists
Quests
Create
Leaderboards
Showdown
Live 5
Trivia Bingo
Activity
Puzzle Library
Sporcle Events
Private Events
Virtual Trivia
Globe League
Become a Host
Pub Owners
SporcleCon
Opinionation
Our Games
Videos
Blog
Mobile Apps
Partnerships
Remove Ads and Go Orange
Feedback
Language
Vocabulary
Begins and Ends
Definition
Spanish
French
German
Italian
Chinese
Latin
Translation
Japanese
Language
Vocabulary
Begins and Ends
Definition
Spanish
French
German
Italian
Chinese
Latin
Translation
Japanese
Random Quiz
Search Sporcle
×
Quiz Lab
Quiz Lab
Language
Latin
Type in answers that appear in a list
Type in answers that appear in a list
Classic
Best Score? Go Orange.
Latin Hic Declension Stats
Can you name the hic declension?
By
phildm1
3m
30 Questions
428 Plays
428 Plays
428 Plays
Comments
Comments
Give Quiz Kudos
Give Quiz Kudos
-
- Ratings
hide this ad
Forced Order
Answers have to be entered in order
Answers have to be entered in order
Replay
Link that replays current quiz
Next Quiz
Link to next quiz in quiz playlist
You Got
0%
They Got
Avg Score
78%
Avg Friend Score
Upgrade to see
Score Distribution
Jump to the score distribution portion of the page
Score
0/30
Timer
03:00
0
Plays Today
% Correct
hic
99.1%
huius
88.8%
haec
88.6%
hoc
86.7%
huius
84.1%
huius
83.2%
huic
82%
hunc
82%
hoc
82%
hi
81.1%
hoc
80.4%
hanc
79.7%
hac
79.4%
huic
79.2%
hoc
77.8%
% Correct
horum
77.8%
huic
77.6%
hae
75.5%
his
75%
harum
74.3%
his
73.1%
his
72.4%
horum
72.4%
his
72%
haec
72%
hos
70.6%
his
70.6%
has
69.2%
his
68.7%
haec
67.3%
Quiz Playlist
Details
Report
Send in Message
Add To Playlist
Classic:
Type in answers that appear in a list
Forced Order:
Answers have to be entered in order
Last Updated: Feb 16, 2017
Quiz Scoreboard
CHALLENGE
Sign Up to Join the Scoreboard
Show All
Scores
Hide
Comments
May contain spoilers
Recently Published
Famous 'C' Women
by xyz_
Entertainment
6m
Holiday 10x10 Sorting Gallery
by lukepisani3
Holiday
15m
Two Season TV Shows II
by 123Four
Television
10m
More to Explore
Quiz From the Vault
Featured Blog Post
14 Easter Pick-up Lines to Find Eggs With
hide this ad
You Might Also Like...
Tags
Latin Quiz
hic
Today's Top Quizzes in Language
Browse Language
hide this ad
Today's Top Quizzes in Latin
Browse Latin
Top Contributed Quizzes in Language
1
What Word Starts All?
2
1-10 Letter F Words III
3
Weisst du, aus welchen Sprachen diese Wörter stammen?
4
1-10 Letter G Words III
5
Guessable Chinese Characters
6
1-10 Letter H Words III
7
Harry Potter book 6 chapters: English & Greek
8
1-10 Letter I Words III
9
Arabic Numerals
10
Begins and Ends With AN
Explore More
Trending Topics
Marvel
Harry Potter
Disney
NBA
Crossword
Anime
Kpop
Song
Pokémon
Puzzle
NFL
Country
WWE
The Office
Soccer
hide this ad
More By:
phildm1
Quiz
Plays
Rating
Category
Featured
Created
Latin Hic Declension
428
5.00
Language
Jan 30, 2011
Latin Ille Declension
293
Language
Jan 30, 2011
Exercise 2
127
Science
May 24, 2010
Latin Vocabulary 16
9
Language
Jan 27, 2011
Lesson 12x
3
Science
May 24, 2010
Go to Creator's Profile
Score Distribution
Quiz Creator Spotlight
phildm1
Follow
Send a Message
Quizzes Created
-
Created Quiz Play Count
-
More By This Creator
Popular Quizzes Today
1
Find the US States - No Outlines Minefield
2
Colored Red Africa Blitz
3
Find the 'City' Movie
4
The Countries of the World
5
Find the US States
6
5x2 Blitz: Bands
7
Find the Countries of Europe - No Outlines Minefield
8
US States
More Language Quizzes
Eight Letter Matching
Published
Trending Quizzes
Colored Red Europe Blitz I
Colored Red Europe Blitz II
Colored Red Africa Blitz II
Colored Red Africa Blitz III
Colored Red Europe Blitz III
Recently Updated
Odd Team Out - Big 4 Players
pecheneg
Quick Pick: 20 Twenties
pecheneg
March Madness Men's Triple Doubles
pecheneg
How Do You Spell That?
pecheneg
Godzilla Movies
pecheneg
Grab Bag: 4-10 Letters
pecheneg
2024 March Madness Bracket
pecheneg
Famous TV Couples
Peacemaker
Champions League XIs: Real Madrid
pecheneg
Largest US Cities 1790-2010
pecheneg
Trending Topics
Harry Potter
Kpop
Crossword
Anime
Marvel
NBA
Disney
WWE
Song
NFL
Pokémon
Soccer
Country
The Office
Puzzle
Your Account Isn't Verified!
In order to create a playlist on Sporcle, you need to verify the email address you used during registration. Go to your
Sporcle Settings
to finish the process.
Report this User
Report this user for behavior that violates our
Community Guidelines
.
Details:
Send Report
Go to the Sporcle.com Mobile Site →
Comments